[Event "Zicosur 2016"]
[Site "?"]
[Date "2016.01.06"]
[Round "2.49"]
[White "RECABARREN, Gonzalo"]
[Black "MAMANI, Julio"]
[Result "1-0"]
[WhiteElo "1866"]
[BlackElo "1362"]
[PlyCount "39"]
[EventDate "2016.??.??"]

1. d4 d5 2. Bf4 e6 3. Nf3 Be7 4. e3 Nf6 5. Bd3 b6 6. Ne5 Nbd7 7. Nc6 Bb7 8.
Nxd8 Bxd8 9. Nd2 c5 10. c3 O-O 11. Qf3 c4 12. Bc2 h6 13. h4 Nh7 14. g4 f6 15.
Bd6 Rc8 16. g5 Bc7 17. Bxf8 Rxf8 18. gxh6 gxh6 19. Qg4+ Kh8 20. Rg1 1-0

[Event "ZICOSUR 2016"]
[Site "?"]
[Date "2016.01.06"]
[Round "2.24"]
[White "ESCALANTE RAMIREZ, Brian Sebas"]
[Black "CHAVEZ DINAMARCA, Bastian"]
[Result "1-0"]
[WhiteElo "2331"]
[BlackElo "2108"]
[PlyCount "45"]
[EventDate "2016.??.??"]

1. e4 e5 2. Nf3 Nc6 3. Bc4 Nf6 4. Ng5 d5 5. exd5 Na5 6. Bb5+ c6 7. dxc6 bxc6 8.
Bd3 h6 9. Ne4 Nd5 10. O-O Nf4 11. Nbc3 f5 12. Ng3 Qg5 13. Re1 Bd6 14. b4 Nxd3
15. cxd3 Nb7 16. d4 Be6 17. Qa4 Rc8 18. dxe5 Bb8 19. d4 Qd8 20. b5 cxb5 21.
Qxb5+ Qd7 22. Qxd7+ Kxd7 23. Bb2 1-0

[Event "Zicosur 2016"]
[Site "?"]
[Date "2016.01.06"]
[Round "2.51"]
[White "MELENDES SUAREZ, Fernando"]
[Black "GARMENDIA VEGA, Sofia"]
[Result "1-0"]
[WhiteElo "1830"]
[BlackElo "1335"]
[PlyCount "105"]
[EventDate "2016.??.??"]

1. Nf3 c5 2. g3 Nf6 3. Bg2 g6 4. d3 Bg7 5. O-O O-O 6. Bd2 Nc6 7. c3 d6 8. Qc1
Bd7 9. Bh6 Rc8 10. Bxg7 Kxg7 11. Re1 b5 12. e4 b4 13. Nh4 e6 14. f4 a5 15. Nd2
d5 16. e5 Ng4 17. c4 dxc4 18. dxc4 Nd4 19. h3 Nh6 20. Ne4 Bc6 21. Nd6 Rc7 22.
Bxc6 Rxc6 23. Qd1 Nhf5 24. Nhxf5+ Nxf5 25. Nxf5+ exf5 26. Qxd8 Rxd8 27. Rad1
Rcc8 28. Kf2 Rd4 29. Rxd4 cxd4 30. b3 Kf8 31. Rd1 Rd8 32. Ke2 Ke7 33. Kd3 f6
34. Re1 Ke6 35. exf6+ Kxf6 36. Re5 Ra8 37. Kxd4 a4 38. Rb5 axb3 39. axb3 Ke6
40. Rb6+ Kd7 41. Rxb4 Kd6 42. c5+ Kc6 43. Rb6+ Kc7 44. Rf6 Rd8+ 45. Kc4 Rd1 46.
Rf7+ Kc6 47. Rf6+ Kc7 48. g4 Rc1+ 49. Kb4 fxg4 50. hxg4 Re1 51. g5 Re4+ 52. Kb5
Re3 53. b4 1-0

[Event "ZICOSUR 2016"]
[Site "?"]
[Date "2016.01.06"]
[Round "2.34"]
[White "MASAFIERRO, Gino"]
[Black "PINILLA, Agustin"]
[Result "1-0"]
[WhiteElo "1695"]
[BlackElo "2080"]
[PlyCount "63"]
[EventDate "2016.??.??"]

1. e4 c5 2. Nc3 a6 3. d3 e6 4. g3 b5 5. Bg2 Bb7 6. Nge2 Nf6 7. Bg5 Be7 8. Rc1
h6 9. Bd2 O-O 10. O-O Qc7 11. f4 d6 12. Qe1 Nbd7 13. Kh1 Rfe8 14. Qf2 Rad8 15.
Nd1 Nb6 16. b3 Nfd7 17. f5 e5 18. Ne3 c4 19. Nc3 Nf6 20. Ncd5 Nbxd5 21. Nxd5
Nxd5 22. exd5 Bg5 23. Bxg5 hxg5 24. f6 g6 25. Be4 Qc5 26. Qg2 g4 27. Qe2 Bxd5
28. Qxg4 Bxe4+ 29. dxe4 Qe3 30. Qh4 d5 31. Rce1 Qd2 32. g4 1-0

[Event "ZICOSUR 2016"]
[Site "?"]
[Date "2016.01.06"]
[Round "2.42"]
[White "AGUIRRE ADAROS, Joaquín"]
[Black "BELMONTE, Adriel"]
[Result "0-1"]
[WhiteElo "1557"]
[BlackElo "1942"]
[PlyCount "72"]
[EventDate "2016.??.??"]

1. e4 e6 2. d4 d5 3. Nd2 Nf6 4. e5 Nfd7 5. Bd3 c5 6. c3 b6 7. Ne2 Ba6 8. Bxa6
Nxa6 9. Nf4 cxd4 10. cxd4 Nb4 11. a3 Nc6 12. Nf3 Be7 13. O-O O-O 14. Bd2 Na5
15. Bxa5 bxa5 16. Qa4 Rb8 17. b3 a6 18. b4 Rb5 19. Rfc1 Nb6 20. Qc2 Nc4 21. Nd3
axb4 22. axb4 Qb6 23. Nc5 Ra8 24. Rcb1 Rxb4 25. Rxb4 Qxb4 26. Nd3 Qb6 27. Qa4
a5 28. g3 g6 29. Kg2 Kg7 30. h4 h6 31. Nf4 Rb8 32. Qd1 Qb2 33. Qe1 Rb3 34. Nh3
Bb4 35. Qg1 Bc3 36. Nf4 Qxa1 0-1

[Event "zicosur 2016"]
[Site "?"]
[Date "2016.01.06"]
[Round "2.27"]
[White "CELIS, Kevin"]
[Black "LLORENS, Marcelo"]
[Result "0-1"]
[WhiteElo "2069"]
[BlackElo "2286"]
[PlyCount "56"]
[EventDate "2016.??.??"]

1. e4 c5 2. Nf3 d6 3. d4 cxd4 4. Nxd4 Nf6 5. Nc3 Nc6 6. Bg5 Bd7 7. Qd2 Rc8 8.
f4 h6 9. Bxf6 gxf6 10. Be2 h5 11. Nxc6 bxc6 12. O-O-O Qa5 13. Kb1 Rb8 14. Bf3
Bg7 15. Rhe1 Bg4 16. f5 Bh6 17. Qd3 Bf4 18. h3 Be5 19. Re3 Bxf3 20. Rxf3 h4 21.
Rd2 Rb4 22. b3 Kd7 23. Qe3 Rhb8 24. Nd1 Qa3 25. c3 R4b5 26. Nb2 Rc5 27. Rc2 Ra5
28. Nc4 Rxb3+ 0-1

[Event "ZICOSUR 2016"]
[Site "?"]
[Date "2016.01.06"]
[Round "2.41"]
[White "BELMONTE, Diego Jose"]
[Black "SOTO FONTECILLA, David"]
[Result "1-0"]
[WhiteElo "1948"]
[BlackElo "1596"]
[PlyCount "79"]
[EventDate "2016.??.??"]

1. e4 e5 2. Nf3 Nc6 3. Bb5 a6 4. Ba4 Nf6 5. Qe2 b5 6. Bb3 Be7 7. O-O O-O 8. c3
d6 9. h3 Be6 10. d3 Na5 11. Bc2 c5 12. Rd1 Nc6 13. Nbd2 Re8 14. Nf1 Bf8 15. Ng3
g6 16. Bg5 Bg7 17. Qe3 Qd7 18. Nh4 a5 19. Qf3 Ng4 20. hxg4 Bxg4 21. Qe3 Bxd1
22. Bxd1 a4 23. a3 Ne7 24. Bh6 Bh8 25. Nhf5 Qe6 26. Bg4 Qb3 27. Nxd6 Qxb2 28.
Rc1 Red8 29. Ndf5 Nxf5 30. Nxf5 Bf6 31. Bg5 Bxg5 32. Qxg5 Kf8 33. Nh6 Kg7 34.
Rd1 Qxc3 35. Nf5+ Kf8 36. Qe7+ Kg8 37. Nh6+ Kg7 38. Nxf7 Rf8 39. Ng5+ Kh6 40.
Ne6 1-0

[Event "ZICOSUR 2016"]
[Site "?"]
[Date "2016.01.06"]
[Round "2.39"]
[White "SUÁREZ O'HIGGINS, Luis"]
[Black "CONTRERAS SANTIBÁÑEZ, Mónica"]
[Result "1-0"]
[WhiteElo "1992"]
[BlackElo "1618"]
[PlyCount "125"]
[EventDate "2016.??.??"]

1. d4 Nf6 2. c4 c5 3. d5 b5 4. cxb5 a6 5. bxa6 Bxa6 6. Nc3 d6 7. Nf3 g6 8. g3
Bg7 9. Bg2 O-O 10. O-O Nbd7 11. Rb1 Qc7 12. Qc2 Rfb8 13. b3 Nb6 14. Rd1 Nfd7
15. Bd2 Ne5 16. Nxe5 Bxe5 17. a4 Nd7 18. Bf3 Bg7 19. Re1 Ne5 20. Bg2 Ra7 21. h3
Rab7 22. f4 Nd7 23. Na2 Qc8 24. b4 cxb4 25. Qxc8+ Rxc8 26. Nxb4 Nc5 27. Nxa6
Rxb1 28. Rxb1 Nxa6 29. Be1 Rc2 30. Kf1 Bd4 31. Be4 Ra2 32. a5 Nc5 33. Bf3 Kg7
34. Rb4 Bf6 35. Rb1 Ra1 36. Rxa1 Bxa1 37. e4 Bd4 38. Ke2 Kf8 39. Kd2 Nb3+ 40.
Kd3 Bc5 41. Kc4 Nd4 42. Bd1 e6 43. dxe6 Nxe6 44. Bf3 Ke7 45. h4 Ba7 46. Bg2 Nc7
47. g4 f6 48. f5 Be3 49. Bf1 Ba7 50. Kb4 Bc5+ 51. Ka4 Ba7 52. Bc4 Be3 53. a6
gxf5 54. exf5 Ba7 55. Bg3 Bc5 56. Ka5 Nxa6 57. Bxa6 Be3 58. Kb4 Bc5+ 59. Kc4
Be3 60. Bb7 h6 61. Kd3 Bc1 62. Ke4 Bb2 63. Bf4 1-0

[Event "Zicosur 2016"]
[Site "?"]
[Date "2016.01.06"]
[Round "3.52"]
[White "BALLADARES, Luis"]
[Black "SANCHEZ, Benjamin"]
[Result "1-0"]
[WhiteElo "1678"]
[BlackElo "1350"]
[PlyCount "53"]
[EventDate "2016.??.??"]

1. d4 Nf6 2. Bg5 c5 3. e3 Nc6 4. c3 cxd4 5. exd4 Ne4 6. Bf4 d5 7. f3 Nd6 8. Bd3
e6 9. Nd2 a6 10. Nh3 Be7 11. Nf2 f5 12. h4 Bxh4 13. Rxh4 Qxh4 14. Bxd6 Ne7 15.
Qe2 O-O 16. O-O-O b5 17. Rh1 Qg5 18. f4 Qf6 19. g4 Re8 20. Be5 Qf7 21. Nf3 Ng6
22. Ng5 Qb7 23. Rxh7 Nxe5 24. fxe5 b4 25. Nd1 Bd7 26. Qh2 Kf8 27. Rxg7 1-0

[Event "ZICOSUR 2016"]
[Site "?"]
[Date "2016.01.06"]
[Round "3.17"]
[White "MONTERO, Cristhián"]
[Black "TAPIA, Jaime"]
[Result "0-1"]
[WhiteElo "2162"]
[BlackElo "2289"]
[Annotator "Doe,John"]
[PlyCount "45"]
[EventDate "2016.??.??"]

1. Nf3 Nf6 2. d4 g6 3. c4 Bg7 4. g3 c6 5. Bg2 d5 6. Ne5 O-O 7. Nc3 dxc4 8. Nxc4
Ng4 9. h3 Be6 10. hxg4 Bxc4 11. Be3 Nd7 12. b3 Be6 13. Qd2 Re8 14. Bh6 Bh8 15.
e4 Nb6 16. O-O-O a5 17. Be3 a4 18. Kb2 axb3 19. axb3 Qd6 20. d5 Nc4+ 21. bxc4
Qb4+ 22. Kc2 Bxc3 23. Kd3 0-1

[Event "Zicosur 2016"]
[Site "?"]
[Date "2016.01.06"]
[Round "3.37"]
[White "GUTIERREZ, Sebastian"]
[Black "BARRERA, Victor"]
[Result "1-0"]
[WhiteElo "2110"]
[BlackElo "1785"]
[PlyCount "95"]
[EventDate "2016.??.??"]

1. e4 c5 2. Nf3 d6 3. d4 cxd4 4. Nxd4 a6 5. Nc3 Nf6 6. Bg5 e6 7. f4 h6 8. Bh4
Be7 9. Qf3 Nc6 10. O-O-O g5 11. Nxc6 bxc6 12. fxg5 hxg5 13. Bxg5 e5 14. Bxf6
Bxf6 15. Bc4 Ra7 16. Rhf1 Rh6 17. Kb1 Be6 18. Qe3 Bxc4 19. Qxh6 Bxf1 20. Rxf1
Be7 21. h4 Bxh4 22. Qh8+ Kd7 23. Rxf7+ Be7 24. Qh3+ Kc7 25. Qh7 Kb8 26. g4 Rb7
27. g5 Qb6 28. b3 Qg1+ 29. Kb2 Qxg5 30. Rf5 Bf6 31. Qh3 Qg7 32. Qf1 Bd8 33.
Qxa6 Qd7 34. Rf8 Kc7 35. Qc4 Kb6 36. Na4+ Ka7 37. Qg8 Rb8 38. Rf7 Be7 39. Qg1+
Ka6 40. Qf1+ Ka7 41. Qf2+ Ka6 42. Qe2+ Ka7 43. Qe3+ Kb7 44. Qb6+ Kc8 45. Qa5
Qe6 46. Qa6+ Kd8 47. Rh7 d5 48. Rh8+ 1-0

[Event "ZICOSUR 2016"]
[Site "?"]
[Date "2016.01.06"]
[Round "3.15"]
[White "SALINAS, Pablo"]
[Black "PINEDA, Adolfo"]
[Result "1-0"]
[WhiteElo "2455"]
[BlackElo "2248"]
[PlyCount "79"]
[EventDate "2016.??.??"]

1. d4 Nf6 2. Nf3 e6 3. c4 Bb4+ 4. Nc3 O-O 5. e3 c5 6. Bd3 Nc6 7. O-O Bxc3 8.
bxc3 d6 9. e4 e5 10. d5 Ne7 11. Nh4 h6 12. f3 Nh5 13. g3 Nf6 14. Rb1 Rb8 15.
Rf2 Ne8 16. Nf5 Ng6 17. Be3 Nh8 18. Qd2 f6 19. h4 Nf7 20. Rg2 Kh7 21. g4 g5 22.
Rh2 Bxf5 23. exf5 Kg7 24. Qc1 Qe7 25. Be4 Rc8 26. Qa3 a6 27. Rhb2 Rc7 28. Rb6
Nd8 29. Qc1 Rf7 30. Bc2 Kf8 31. Kf2 Rh7 32. Ba4 Rc8 33. Qd2 Rc7 34. Rh1 Rc8 35.
hxg5 fxg5 36. Bxe8 Kxe8 37. f6 Qf7 38. Qc2 Rc7 39. Rxd6 Qf8 40. Rb6 1-0

[Event "Zicosur 2016"]
[Site "?"]
[Date "2016.01.06"]
[Round "3.8"]
[White "VALENZUELA GOMEZ, Fernando"]
[Black "VERA SIGUENAS, Deivy"]
[Result "1-0"]
[WhiteElo "2293"]
[BlackElo "2498"]
[PlyCount "63"]
[EventDate "2016.??.??"]

1. d4 Nf6 2. c4 e6 3. Nc3 Bb4 4. Nf3 c5 5. g3 Bxc3+ 6. bxc3 Qa5 7. Bd2 b6 8.
Bg2 Bb7 9. O-O O-O 10. d5 Qa6 11. e4 Nxe4 12. Re1 Nd6 13. Bf1 Nxc4 14. Re4 Bxd5
15. Rh4 Nxd2 16. Nxd2 Qa3 17. Qc2 h6 18. Ra4 Qxa4 19. Qxa4 Bc6 20. Bb5 Bb7 21.
Bd3 d5 22. Re1 c4 23. Bb1 Bc8 24. Nf3 Bd7 25. Qc2 f5 26. Ne5 Be8 27. g4 Na6 28.
Qe2 Nc7 29. Kh1 Rd8 30. Rg1 Rf6 31. h4 Kh7 32. g5 1-0

[Event "Zicosur 2016"]
[Site "?"]
[Date "2016.01.06"]
[Round "3.30"]
[White "GARNIER, Rene"]
[Black "RECABARREN, Gonzalo"]
[Result "1-0"]
[WhiteElo "2178"]
[BlackElo "1866"]
[PlyCount "41"]
[EventDate "2016.??.??"]

1. Nf3 e6 2. c4 d5 3. e3 f5 4. Nc3 Nf6 5. d4 c6 6. Bd3 Bd6 7. Qc2 a6 8. O-O O-O
9. Bd2 Bd7 10. Rac1 Ne4 11. Ne5 Be8 12. f4 Rf6 13. Be1 Rh6 14. cxd5 exd5 15.
Bxe4 fxe4 16. Qb3 Bxe5 17. fxe5 Nd7 18. Nxe4 b5 19. Nd6 Nb6 20. Nf5 Rg6 21. Bh4
1-0

[Event "ZICOSUR 2016"]
[Site "?"]
[Date "2016.01.06"]
[Round "3.10"]
[White "SEPULVEDA, Marcelo"]
[Black "MARTINEZ, Jose"]
[Result "0-1"]
[WhiteElo "2268"]
[BlackElo "2469"]
[PlyCount "88"]
[EventDate "2016.??.??"]

1. e4 c5 2. Nf3 d6 3. d4 cxd4 4. Nxd4 Nf6 5. Nc3 Nc6 6. Be2 g6 7. O-O Bg7 8.
Nb3 O-O 9. Re1 a6 10. Bf1 b5 11. a4 b4 12. Nd5 Bb7 13. Bg5 Nd7 14. Bb5 Ndb8 15.
Bxc6 Nxc6 16. Qd2 Bxb2 17. Rad1 Bg7 18. Qe3 Re8 19. f4 Qb8 20. Kh1 Bc8 21. f5
f6 22. Bh6 Qa7 23. Qh3 Bd7 24. Bxg7 Kxg7 25. Qg3 g5 26. h4 h6 27. a5 Rab8 28.
Nf4 Kh7 29. Ng6 Rg8 30. Rd2 Rxg6 31. fxg6+ Kxg6 32. e5 Nxe5 33. Rxe5 fxe5 34.
Qd3+ Bf5 35. h5+ Kf6 36. Qf1 g4 37. Rf2 e6 38. Nd2 d5 39. Qe1 Rg8 40. Nf1 g3
41. Rf3 Rg4 42. Rxg3 Rh4+ 43. Rh3 Rxh3+ 44. gxh3 Qd4 0-1

[Event "ZICOSUR 2016"]
[Site "?"]
[Date "2016.01.06"]
[Round "3.25"]
[White "CERDA, Guillermo"]
[Black "GONZALEZ, Diego"]
[Result "1/2-1/2"]
[WhiteElo "2240"]
[BlackElo "1941"]
[PlyCount "103"]
[EventDate "2016.??.??"]

1. d4 Nf6 2. Nf3 g6 3. Bf4 Bg7 4. e3 d6 5. h3 O-O 6. Be2 c5 7. Nbd2 cxd4 8.
exd4 Nc6 9. c3 Rb8 10. O-O b5 11. Re1 Nd7 12. Ne4 Qb6 13. Qd2 Bb7 14. Bh6 Rfe8
15. Bxg7 Kxg7 16. Bd3 b4 17. Re2 Ba6 18. Rae1 Bxd3 19. Qxd3 Rec8 20. Neg5 e6
21. Nxf7 Kxf7 22. Ng5+ Kg8 23. Rxe6 Nf8 24. Rxd6 Qb5 25. Qg3 Re8 26. Ne4 Kg7
27. Qh4 Nd8 28. Qf6+ Kg8 29. Re3 Qb7 30. Qf4 Re7 31. Nf6+ Kg7 32. Ne8+ Kg8 33.
d5 Nf7 34. Rxe7 Qxe7 35. Rxg6+ hxg6 36. Qxb8 bxc3 37. bxc3 Qe1+ 38. Kh2 Qxc3
39. Qf4 Qe5 40. Qxe5 Nxe5 41. a4 Kf7 42. Nd6+ Kf6 43. f4 Nd3 44. g3 Nd7 45. a5
Nb4 46. Nb5 a6 47. Nc7 Nc5 48. g4 Nb7 49. h4 Nxa5 50. h5 gxh5 51. gxh5 Nc4 52.
Nxa6 1/2-1/2

[Event "Zicosur 2016"]
[Site "?"]
[Date "2016.01.06"]
[Round "3.24"]
[White "CHANDIA, Omar"]
[Black "ROMERO, Diego"]
[Result "1-0"]
[WhiteElo "1995"]
[BlackElo "2246"]
[PlyCount "151"]
[EventDate "2016.??.??"]

1. e4 c6 2. d4 d5 3. Nc3 dxe4 4. Nxe4 Bf5 5. Ng3 Bg6 6. h4 h6 7. Nf3 Nd7 8. Bc4
e6 9. Qe2 Ngf6 10. h5 Bh7 11. Ne5 Nxe5 12. dxe5 Nd5 13. O-O Qh4 14. Bxd5 exd5
15. Be3 Qc4 16. Qf3 Qxc2 17. Qg4 Qc4 18. f4 Bc5 19. Bxc5 Qxc5+ 20. Kh2 Qe7 21.
Rae1 a5 22. Ne2 Bd3 23. Rf3 Bf5 24. Qg3 O-O 25. Nd4 Qd7 26. Qh4 Rae8 27. Rg3
Kh7 28. Rxg7+ Kh8 29. e6 Qe7 30. Qxe7 Rxe7 31. Nxf5 Rxe6 32. Re5 Rfe8 33. Rxf7
Rxe5 34. fxe5 Rxe5 35. Kh3 b5 36. Ng3 d4 37. Rd7 c5 38. Kg4 Kg8 39. Kf4 Rg5 40.
Kf3 Kf8 41. Rd6 Kg7 42. Kf4 Kh7 43. Rd7+ Kg8 44. Nf5 Rxg2 45. Nxh6+ Kf8 46. Kf5
Ke8 47. Rd5 Rxb2 48. Rxc5 d3 49. Ng4 Rc2 50. Nf6+ Kf7 51. Rxb5 d2 52. Rb7+ Kf8
53. Rd7 d1=Q 54. Rxd1 a4 55. Rd7 a3 56. h6 Rf2+ 57. Kg6 Rg2+ 58. Kf5 Rf2+ 59.
Ke5 Rf5+ 60. Ke6 Re5+ 61. Kd6 Re6+ 62. Kc7 Rc6+ 63. Kb8 Rxf6 64. Rd8+ Ke7 65.
h7 Kxd8 66. h8=Q+ Ke7 67. Qh4 Ke6 68. Qh3+ Ke7 69. Qxa3+ Kf7 70. Qb3+ Ke7 71.
Qb4+ Kd7 72. Qb5+ Kd8 73. Qg5 Ke7 74. a4 Kf7 75. Qxf6+ Kxf6 76. a5 1-0

[Event "Zicosur 2016"]
[Site "?"]
[Date "2016.01.06"]
[Round "3.23"]
[White "SANCHEZ, Gonzalo"]
[Black "BELMONTE, Diego Jose"]
[Result "1-0"]
[WhiteElo "2247"]
[BlackElo "1948"]
[PlyCount "83"]
[EventDate "2016.??.??"]

1. e4 e6 2. d4 d5 3. Nc3 Bb4 4. e5 c5 5. a3 Bxc3+ 6. bxc3 Ne7 7. h4 Nbc6 8. h5
Qa5 9. Bd2 Qa4 10. h6 cxd4 11. Nf3 dxc3 12. Bxc3 Qe4+ 13. Qe2 Qxe2+ 14. Bxe2 g6
15. Bd2 Bd7 16. Bg5 O-O 17. Nh2 Rfc8 18. Ng4 Rc7 19. Bf6 Nf5 20. Bg7 f6 21.
Nxf6+ Kf7 22. g4 Nxg7 23. hxg7 Rg8 24. Nxg8 Kxg8 25. f4 Nd4 26. Bd3 Nxc2+ 27.
Bxc2 Rxc2 28. O-O Bc6 29. Rac1 Ra2 30. f5 gxf5 31. gxf5 exf5 32. Rxf5 Rxa3 33.
Rg5 h6 34. Rg6 d4 35. e6 Rh3 36. Rf1 Rh1+ 37. Kf2 Rxf1+ 38. Kxf1 Bb5+ 39. Ke1
h5 40. e7 h4 41. Rg5 Bc6 42. Rc5 1-0

[Event "Zicosur 2016"]
[Site "?"]
[Date "2016.01.06"]
[Round "3.22"]
[White "SOZA, Jose"]
[Black "SUAREZ, Luis"]
[Result "1-0"]
[WhiteElo "2252"]
[BlackElo "1992"]
[PlyCount "123"]
[EventDate "2016.??.??"]

1. d4 d5 2. c4 e6 3. Nf3 Nf6 4. g3 Be7 5. Bg2 O-O 6. O-O dxc4 7. Qc2 a6 8. Qxc4
b5 9. Qc2 Bb7 10. Bd2 Be4 11. Qc1 Nbd7 12. Ba5 Ra7 13. Nbd2 Bd5 14. Qc2 Qa8 15.
Nb3 Bd6 16. Nc5 e5 17. Nxd7 Nxd7 18. Ng5 f5 19. Bxd5+ Qxd5 20. dxe5 Nxe5 21.
Rfd1 Qc6 22. Qxc6 Nxc6 23. Bc3 Re8 24. e3 Raa8 25. Rac1 Ne5 26. Bxe5 Bxe5 27.
b3 Bd6 28. Rd5 g6 29. Rc6 Re7 30. h4 Kg7 31. Nf3 Kf6 32. a4 Ke6 33. Rd2 bxa4
34. bxa4 Kd7 35. Nd4 Re4 36. Rdc2 Re5 37. R2c4 Ra7 38. Nf3 Re7 39. h5 Ra8 40.
Kg2 Ke8 41. Rc2 Kf7 42. Rb2 Kg8 43. Rb7 Rd7 44. hxg6 hxg6 45. Nd2 Bxg3 46. Kxg3
Rxd2 47. Rbxc7 Rd5 48. Rxg6+ Kf8 49. Kf4 Ra5 50. Rf6+ Kg8 51. Rc4 Rf8 52. Rxf8+
Kxf8 53. Rc7 Kg8 54. Kg5 Kf8 55. Kf6 Ke8 56. f4 Rxa4 57. Kxf5 Ra1 58. e4 a5 59.
e5 Kd8 60. Ra7 a4 61. e6 a3 62. Kf6 1-0

[Event "ZICOSUR 2016"]
[Site "?"]
[Date "2016.01.06"]
[Round "3.13"]
[White "GRANDA, Julio"]
[Black "GOMEZ, Jafet"]
[Result "1-0"]
[WhiteElo "2683"]
[BlackElo "2088"]
[PlyCount "47"]
[EventDate "2016.??.??"]

1. f4 d5 2. Nf3 c5 3. e3 g6 4. Be2 Bg7 5. d4 b6 6. O-O Nf6 7. Nc3 Ba6 8. Bxa6
Nxa6 9. Qe2 Nc7 10. Ne5 O-O 11. Bd2 Nce8 12. Be1 Nd6 13. Bh4 Nf5 14. Bf2 e6 15.
dxc5 Nd7 16. e4 dxe4 17. Rad1 Bxe5 18. fxe5 e3 19. c6 exf2+ 20. Rxf2 Qc7 21.
cxd7 Rfd8 22. g4 Nh4 23. Ne4 Kg7 24. Ng5 1-0

[Event "ZICOSUR 2016"]
[Site "?"]
[Date "2016.01.06"]
[Round "3.49"]
[White "PINILLA, Agustín"]
[Black "GARMENDIA, Lucas"]
[Result "1-0"]
[WhiteElo "2038"]
[BlackElo "1468"]
[PlyCount "51"]
[EventDate "2016.??.??"]
[SourceDate "2016.01.06"]

1. e4 c5 2. Nf3 d6 3. d4 cxd4 4. Nxd4 Nf6 5. Nc3 g6 6. g3 Bg7 7. Bg2 O-O 8. h3
Nc6 9. Be3 Bd7 10. O-O Rc8 11. Nxc6 bxc6 12. Qd2 Rb8 13. Rab1 Qc7 14. Bh6 Rb7
15. Bxg7 Kxg7 16. b3 Rfb8 17. f4 c5 18. Rbe1 Bc6 19. g4 Rb4 20. g5 Nd7 21. Qf2
a5 22. Qh4 a4 23. Qh6+ Kg8 24. f5 Ne5 25. f6 exf6 26. gxf6 1-0

[Event "zicosur 2016"]
[Site "?"]
[Date "2016.01.06"]
[Round "3.51"]
[White "BENNET, Michael"]
[Black "MAMANI, Julio"]
[Result "1/2-1/2"]
[WhiteElo "1737"]
[BlackElo "1362"]
[PlyCount "44"]
[EventDate "2016.??.??"]
[SourceDate "2016.01.06"]

1. e4 g6 2. d4 Bg7 3. Nc3 d6 4. Be3 a6 5. Qd2 Nf6 6. h3 O-O 7. Nf3 b6 8. Bd3
Bb7 9. O-O-O Nbd7 10. Rhe1 Re8 11. e5 Nd5 12. Nxd5 Bxd5 13. Bf4 Bxf3 14. gxf3
d5 15. Bf1 e6 16. h4 h5 17. Bg5 f6 18. exf6 Bxf6 19. Bh3 Nf8 20. Qf4 Bxg5 21.
hxg5 Qd6 22. Qf6 Re7 1/2-1/2

[Event "Zicosur 2016"]
[Site "?"]
[Date "2016.01.06"]
[Round "3.19"]
[White "OBREGON, Carlos"]
[Black "DOBUCHAK, Thiago"]
[Result "1/2-1/2"]
[WhiteElo "2530"]
[BlackElo "2059"]
[PlyCount "52"]
[EventDate "2016.??.??"]
[SourceDate "2016.01.06"]

1. d4 Nf6 2. c4 g6 3. Nc3 Bg7 4. e4 d6 5. Nf3 O-O 6. Be2 e5 7. Be3 Qe8 8. dxe5
Ng4 9. Bg5 dxe5 10. Nd5 f6 11. Nxc7 Qf7 12. Nxa8 fxg5 13. O-O Qe7 14. c5 Rd8
15. Qa4 Nc6 16. Rad1 Rf8 17. b4 Bd7 18. b5 Nd4 19. Nxd4 exd4 20. Qxa7 Qxe4 21.
Bxg4 Bxg4 22. f3 Qe3+ 23. Kh1 Rxf3 24. c6 Qf4 25. Rxf3 Bxf3 26. c7 Bxg2+
1/2-1/2

[Event "Zicosur 2016"]
[Site "?"]
[Date "2016.01.06"]
[Round "3.32"]
[White "RIVERA, Andres"]
[Black "AVALOS, Joao"]
[Result "0-1"]
[WhiteElo "1895"]
[BlackElo "2148"]
[PlyCount "55"]
[EventDate "2016.??.??"]
[SourceDate "2016.01.06"]

1. e4 e5 2. Nf3 Nc6 3. Bb5 a6 4. Ba4 Nf6 5. d3 b5 6. Bb3 Be7 7. c3 O-O 8. O-O
d6 9. a4 b4 10. a5 Rb8 11. Re1 bxc3 12. bxc3 Be6 13. Bxe6 fxe6 14. Qa4 Qd7 15.
Ng5 Rb5 16. Na3 Rxa5 17. Qb3 d5 18. exd5 exd5 19. c4 Rb8 20. Qc2 Nd4 21. Qd1
Qf5 22. Rb1 Rxb1 23. Nxb1 Ra2 24. Be3 Nc2 25. Qe2 Nb4 26. Qf3 Qxf3 27. Nxf3
Nxd3 28. Rd1 0-1

[Event "ZICOSUR 2016"]
[Site "?"]
[Date "2016.01.06"]
[Round "3.41"]
[White "MEDRANO MALDONADO, Mario"]
[Black "PINILLA DELGADO, Sofia"]
[Result "1-0"]
[WhiteElo "2084"]
[BlackElo "1771"]
[PlyCount "57"]
[EventDate "2016.??.??"]
[SourceDate "2016.01.06"]

1. e4 e5 2. Nf3 Nc6 3. Bb5 g6 4. O-O Bg7 5. c3 Nge7 6. Re1 O-O 7. d3 d6 8. h3
h6 9. Nh2 Kh7 10. Nd2 f5 11. exf5 Bxf5 12. Ndf3 Bd7 13. d4 exd4 14. cxd4 Nf5
15. d5 Ncd4 16. Bxd7 Nxf3+ 17. Nxf3 Qxd7 18. g4 Ne7 19. Nd4 Bxd4 20. Qxd4 Ng8
21. Bd2 a6 22. Bc3 Nf6 23. Re6 c5 24. Qd3 Qd8 25. Rae1 Rf7 26. Qf3 Kg7 27. Rxf6
Rxf6 28. Re6 Kh7 29. Rxf6 1-0

[Event "ZICOSUR 2016"]
[Site "?"]
[Date "2016.01.06"]
[Round "3.42"]
[White "CASTILLO, Hernan"]
[Black "ROCCA, Cristian"]
[Result "1/2-1/2"]
[WhiteElo "1771"]
[BlackElo "2083"]
[PlyCount "87"]
[EventDate "2016.??.??"]
[SourceDate "2016.01.06"]

1. d4 Nf6 2. c4 g6 3. Nc3 Bg7 4. e4 d6 5. f3 O-O 6. Be3 Nc6 7. Qd2 e5 8. d5 Nd4
9. Nge2 Nxe2 10. Bxe2 a6 11. g4 h5 12. h3 h4 13. Bg5 Qe8 14. Bxh4 Nh7 15. Bf2
g5 16. Be3 f6 17. O-O-O Qg6 18. h4 Bh6 19. Rh2 Kg7 20. Rdh1 Rh8 21. Kc2 Bd7 22.
Bd3 gxh4 23. Bxh6+ Qxh6 24. Qxh6+ Kxh6 25. Rxh4+ Kg7 26. Kd2 Ng5 27. Ke3 Rxh4
28. Rxh4 Nf7 29. Ne2 Rh8 30. Rxh8 Nxh8 31. Ng3 Ng6 32. Bf1 Nf4 33. Ne2 Nxe2 34.
Bxe2 b6 35. b4 a5 36. a3 axb4 37. axb4 Kg6 38. f4 Bc8 39. Kf3 Kh6 40. Kg3 Bd7
41. b5 exf4+ 42. Kxf4 Kg6 43. Bd3 Bc8 44. Bc2 1/2-1/2

[Event "ZICOSUR 2016"]
[Site "?"]
[Date "2016.01.06"]
[Round "3.36"]
[White "RIQUELME, Nicolas"]
[Black "CONDORI, EDWIN."]
[Result "0-1"]
[WhiteElo "1847"]
[BlackElo "2112"]
[PlyCount "50"]
[EventDate "2016.??.??"]
[SourceDate "2016.01.06"]

1. e4 c6 2. Nc3 d5 3. Nf3 Bg4 4. Be2 Nf6 5. e5 Nfd7 6. d4 e6 7. h3 Bxf3 8. Bxf3
c5 9. Nxd5 exd5 10. Bxd5 Nb6 11. Bxb7 cxd4 12. Bxa8 Nxa8 13. O-O Nc7 14. Qe2
Bc5 15. Rd1 Qe7 16. Bf4 O-O 17. Qg4 Qe6 18. Qxe6 fxe6 19. Bg3 Nd5 20. a3 Nc6
21. Re1 Bb6 22. Re4 Na5 23. Ree1 Rc8 24. Rac1 Nc4 25. Kh1 Nxb2 0-1

[Event "ZICOSUR 2016"]
[Site "?"]
[Date "2016.01.06"]
[Round "3.29"]
[White "BELMONTE, Adriel"]
[Black "MESIAS ROJAS, Rabindranath"]
[Result "1-0"]
[WhiteElo "1942"]
[BlackElo "2214"]
[PlyCount "103"]
[EventDate "2016.??.??"]
[SourceDate "2016.01.06"]

1. d4 Nf6 2. c4 c5 3. d5 e5 4. Nc3 d6 5. e4 Be7 6. Bd3 Nbd7 7. Nge2 a6 8. a3
Nf8 9. b4 b6 10. bxc5 bxc5 11. Rb1 Ng6 12. O-O O-O 13. Bd2 Nh5 14. Na4 Bg5 15.
Nb6 Rb8 16. Nxc8 Rxc8 17. Bxg5 Qxg5 18. Rb6 Rfd8 19. Rxa6 Nh4 20. g3 Qg4 21. h3
Qxh3 22. gxh4 g5 23. hxg5 Kh8 24. f3 Ng3 25. Kf2 Nxf1 26. Qxf1 Qh4+ 27. Ke3 Ra8
28. Rxa8 Rxa8 29. f4 Rxa3 30. fxe5 Qxg5+ 31. Qf4 Qxf4+ 32. Nxf4 dxe5 33. Nh5
Ra6 34. Kf2 Kg8 35. Be2 Kf8 36. Kg3 Ra2 37. Bd1 Rd2 38. Ba4 Rd4 39. Bb5 Rxe4
40. Nf6 Re1 41. Nd7+ Ke7 42. Nxc5 f5 43. Nb7 f4+ 44. Kf2 Rd1 45. Bc6 h5 46. c5
Kf6 47. d6 h4 48. d7 Ke7 49. d8=Q+ Rxd8 50. Nxd8 Kxd8 51. Kf3 h3 52. Kg4 1-0

[Event "?"]
[Site "?"]
[Date "2016.01.06"]
[Round "3.43"]
[White "CHRISTIE, Ian"]
[Black "CELIS, Kevin"]
[Result "1-0"]
[WhiteElo "1768"]
[BlackElo "2068"]
[PlyCount "107"]
[EventDate "2016.??.??"]
[SourceDate "2016.01.06"]

1. e4 e6 2. d4 d5 3. e5 c5 4. c3 Nc6 5. Nf3 Nge7 6. Bd3 Nf5 7. Bxf5 exf5 8. O-O
cxd4 9. cxd4 Be7 10. Nc3 Be6 11. Re1 O-O 12. a3 g5 13. Kh1 Kh8 14. b4 Rc8 15.
Na4 b6 16. Ra2 f4 17. Ng1 Qd7 18. Ne2 Bf5 19. Nac3 f6 20. Rd2 Rcd8 21. Bb2 Kg8
22. Qb3 Be6 23. Red1 f3 24. Ng3 fxg2+ 25. Kxg2 Bh3+ 26. Kg1 Bg4 27. Re1 Qe6 28.
Nd1 f5 29. f3 Bh3 30. Nf2 f4 31. Ngh1 Bf5 32. Nd3 Rf7 33. Nhf2 Bf8 34. Kh1 Qg6
35. Rg1 Kh8 36. Nxf4 Qh6 37. Ne2 g4 38. f4 Rg7 39. Qe3 Ne7 40. Ng3 Qg6 41. Qe2
h5 42. Rdd1 Rf7 43. Rc1 Bh6 44. Rc7 Bxf4 45. Bc1 Bxc1 46. Rgxc1 Be6 47. Qc2 Qg5
48. Kg2 Rdf8 49. Ngh1 Rf3 50. Rxa7 Nf5 51. Qc7 Ne3+ 52. Kg1 Bf7 53. e6 Bg6 54.
Qg7# 1-0